LEADER 02221nam a2200433 u 4500 001 000000056798 003 CaOOAMICUS 005 20070226120519.0 008 010420s1986 it a u000 u ita u 020 $a8821167747 035 $a10886109 040 $aPUL(R)$bita 041 1 $aita$alat$hfre 100 1 $aBoespflug, François.$0(OLS)http://pul/name/2951 245 10$aDio nell'arte :$bSollicitudini Nostrae di Benedetto XIV (1745) e il caso Crescenzia di Kaufbeuren /$cFrançois Boespflug ; prefazione di André Chastel ; postfazioni di Leonid Ouspensky e Daniele Menozzi. 260 $aCasale Monferrato :$bMarietti,$c1986. 300 $a350 p. :$bill. ;$c22 cm 490 1 $aDabar.$aSaggi di storia religiosa ;$v5 500 $aIn "Sollicitudini Nostrae" la traduzione è in italiano con testo latino a fronte. 500 $aContiene indice. 504 $aBibliografia in nota. 600 14$aHöss, Crescence,$d1682-1744.$0(OLS)http://pul/subject/6870 610 24$aPapi (1675-1758 : Benedictus PP. XIV).$tSollicitudini Nostrae.$0(OLS)http://pul/subject/22787 650 4$aSimbolismo nella religione.$0(OLS)http://pul/subject/6581 650 4$aArte e religione.$0(OLS)http://pul/subject/22788 700 1 $aChastel, André,$d1912-1990.$0(OLS)http://pul/name/7860 700 1 $aMenozzi, Daniele,$d1947-$0(OLS)http://pul/name/18691 700 1 $aOuspensky, Léonide,$dm. 1987.$0(OLS)http://pul/name/2942 710 22$aPapi (1675-1758 : Benedictus PP. XIV).$tSollicitudini Nostrae.$0(OLS)http://pul/name/39797 740 02$aSollicitudini Nostrae. 830 0$aDabar.$pSaggi di storia religiosa ;$v5.$0(OLS)http://pul/title/16058 850 $aPUL 852 $aPUL$W1$xSL Religione 1$y3$m64 F 48$j74436$nBK-PRI$b $qStampati$B74436$CPULBib$Z2$F74436 $H $81 941 1 $a8 961 $aINV: 54531 996 $6020$a8821167747$9(OLS)http://pul/number/71692 996 $6245$aDio nell'arte :$bSollicitudini Nostrae di Benedetto XIV (1745) e il caso Crescenzia di Kaufbeuren$9(OLS)http://pul/title/75981 996 $6740$aSollicitudini Nostrae$9(OLS)http://pul/title/75982 996 $6260$aCasale Monferrato :$bMarietti$9(OLS)http://pul/publisher/49070 LEADER 02604nam a2200337 a 4500 001 000000069995 003 CaOOAMICUS 005 20110928121212.0 008 020423s1853 fr u000 u lat r 035 $a10927674 040 $aPUL(R)$bita 100 0 $aIsidorus Mercator,$df. 847-852.$0(OLS)http://pul/name/46550 240 10$aCollectio decretalium.$lLatino.$0(OLS)http://pul/title/92353 245 10$aAppendix ad saeculum IX. :$bIsidori Mercatoris decretalium collectio post editionem principem, Jacobo Merlino procurante, datam, ad prelum nunc primum revocata, innumeris quibus scatebat mendis repurgata et indice fidelissimo locupletata, additis etiam in textu, quae deerant, scripturae sacrae locorum notationibus, accedunt Prologomena amplissima /$ccura et studio Henrici Denzinger ... ; tomum claudunt Marci Valerii Probi opusculum De notis antiquis et Aevi Carolini carmina accurante J.-P. Migne. 246 30$aIsidori Mercatoris decretalium collectio 260 $aLutetiae Parisiorum :$bexcudebatur et venit apud J.-P. Migne editorem,$c1853. 300 $a1256 col. ;$c28 cm 490 1 $aPatrologiae cursus completus.$aSeries secunda ;$v130 500 $aTesto diviso in due colonne. 700 1 $aDenzinger, Heinrich Joseph Dominik,$d1819-1883.$0(OLS)http://pul/name/316 700 1 $aMigne, Jacques Paul,$csac.,$d1800-1875.$0(OLS)http://pul/name/4478 700 1 $aProbus, Marcus Valerius,$dSec. I.$tDe notis antiquis.$lLatino.$0(OLS)http://pul/nameTitle/1500$0(OLS)http://pul/name/22480$0(OLS)http://pul/title/159657 700 12$aProbus, Marcus Valerius,$dSec. I$kOpere spurie e dubbie$tDe notis antiquis.$0(OLS)http://pul/name/46551 730 02$aAevi Carolini carmina.$lLatino.$0(OLS)http://pul/title/159658 830 0$aPatrologiae cursus completus.$pSeries secunda ;$v130.$0(OLS)http://pul/title/92040 850 $aPUL 852 $aPUL$W1$xSL Cons. Gen., Altre Classi 1$y1$m2001 A 1.130$j90606$nBK-PRI$qStampati$B90606$CPULBib$Z2$F90606 $82 941 1 $a8 996 $6245$aAppendix ad saeculum IX. :$bIsidori Mercatoris decretalium collectio post editionem principem, Jacobo Merlino procurante, datam, ad prelum nunc primum revocata, innumeris quibus scatebat mendis repurgata et indice fidelissimo locupletata, additis etiam in textu, quae deerant, scripturae sacrae locorum notationibus, accedunt Prologomena amplissima$9(OLS)http://pul/title/92354 996 $6246$aIsidori Mercatoris decretalium collectio$9(OLS)http://pul/title/92355 996 $6260$aLutetiae Parisiorum :$bexcudebatur et venit apud J.-P. Migne editorem$9(OLS)http://pul/publisher/50224